00601nam a2200205Ia 4500008004100000082000800041082001100049100001700060100001100077245005200088260001200140260003000152260000900182300001500191365002500206650001600231942000700247999001900254952012200273150909s9999 xx 000 0 und d a620 bDUN/CO aDunham C W  eAuthor aContracts, specifications and law for engineers aNewYork bMc Graw Hill Book company c1979 a583 Pages aUSD 24.95  aEngineering cBK c228729d228729 00104070aKAUCOAbKAUCOAd2015-09-16g0.00l0o620 DUN/COpKAU-COA-11123 r2015-09-16 00:00:00w2015-09-16yBK